Design of a formula student racing car / (Record no. 25284)
[ view plain ]
| 000 -LEADER | |
|---|---|
| fixed length control field | 00881ntm a22002417a 4500 |
| 005 - DATE AND TIME OF LATEST TRANSACTION | |
| control field | 20170809150756.0 |
| 008 - FIXED-LENGTH DATA ELEMENTS--GENERAL INFORMATION | |
| fixed length control field | 170802s2013 xx a frb 000 0 eng d |
| 040 ## - CATALOGING SOURCE | |
| Original cataloging agency | EG-ScBUE |
| Language of cataloging | eng |
| Transcribing agency | EG-ScBUE |
| 082 04 - DEWEY DECIMAL CLASSIFICATION NUMBER | |
| Classification number | 621 |
| Item number | DES |
| Edition number | 22 |
| 245 00 - TITLE STATEMENT | |
| Title | Design of a formula student racing car / |
| Statement of responsibility, etc | Ahmed Atif Epead ...[et al]. |
| 260 ## - PUBLICATION, DISTRIBUTION, ETC. (IMPRINT) | |
| Date of publication, distribution, etc | 2013. |
| 300 ## - PHYSICAL DESCRIPTION | |
| Extent | xiv. 182 p. : |
| Other physical details | ill. (col.) ; |
| Dimensions | 28 cm. |
| 500 ## - GENERAL NOTE | |
| General note | A group design project submitted to the faculty of engineering, The British University in egypt, in partial fulfillment of the requirements for the bachelor degree in mechanical engineering. |
| 590 ## - LOCAL NOTE (RLIN) | |
| Local note | mai allam |
| 650 #7 - SUBJECT ADDED ENTRY--TOPICAL TERM | |
| Source of heading or term | BUEsh |
| Topical term or geographic name as entry element | Mechanical engineering. |
| Form subdivision | Projects |
| 653 ## - INDEX TERM--UNCONTROLLED | |
| Resource For college | Engineering, Mechanical |
| Arrived date list | August2017 |
| 655 ## - INDEX TERM--GENRE/FORM | |
| Form subdivision | |
| 700 1# - ADDED ENTRY--PERSONAL NAME | |
| Personal name | El-Shazly, Mostafa. |
| Relator term | ths |
| 700 1# - ADDED ENTRY--PERSONAL NAME | |
| Personal name | El-Tayeb, Nabil |
| Relator term | ths |
| 700 1# - ADDED ENTRY--PERSONAL NAME | |
| Personal name | Hatem, Tarek |
| Relator term | ths |
| 700 1# - ADDED ENTRY--PERSONAL NAME | |
| Personal name | Epead, Ahmed Atif. |
| 942 ## - ADDED ENTRY ELEMENTS (KOHA) | |
| Source of classification or shelving scheme | Dewey Decimal Classification |
| Withdrawn status | Lost status | Source of classification or shelving scheme | Damaged status | Not for loan | Home library | Current library | Shelving location | Date acquired | Total Checkouts | Full call number | Barcode | Date last seen | Koha item type |
|---|---|---|---|---|---|---|---|---|---|---|---|---|---|
| Dewey Decimal Classification | Central Library | Central Library | Second Floor | 08/08/2017 | 621 DES | 000046527 | 15/07/2025 | Projects - Students (NB) |